LEADER 01297nam a2200253 4500 001 000000356735 003 CaOOAMICUS 005 20240112151614.0 008 240112s2021 it a 000 u eng r 040 $aSeMil$bita 100 1 $aPieroni, Vittorio,$d<1971- >.$0(OLS)http://semarc/name/56118 245 10$aMojsvaroceras gianii n. sp. and related coiled nautiloids from the Middle Triassic of Lombardy (Northern Italy) /$cVittorio, Pieroni, Herwig Prinoth. 264 1$aModena :$b[s.n.],$c2021. 300 $aP. 99-110 :$bill. ;$c30 cm 500 $aEstratto da: Bollettino della Società paleontologica italiana, 60 (2), 2021. 650 4$aCefalopodi - Nautiloidi - Paleontologia.$0(OLS)http://semarc/subject/54921 650 4$aLombardia - Paleontologia - Triassico.$0(OLS)http://semarc/subject/54897 700 1 $aPrinoth, Herwig.$0(OLS)http://semarc/name/118937 850 $aSeMil 852 $aSeMil$W1$xVenegono$y1$m5B XI 8/26$j245580$B247924$CSeMilBibl$Z2$F247924 $81 961 $aPieroni, Vittorio - Omaggio 996 $6245$aMojsvaroceras gianii n. sp. and related coiled nautiloids from the Middle Triassic of Lombardy (Northern Italy)$9(OLS)http://semarc/title/446991 996 $6264$aModena :$b[s.n.]$9(OLS)http://semarc/publisher/36079 LEADER 00906nam a2200193 i 4500 001 000000218276 003 CaOOAMICUS 005 20130123000000.0 008 130123s1804 it u000 u ita u 013 $a197173 026 $as-o- i-u- i?ra nido (3) 1804 (R) 040 $aSeMil$bita 245 10$aTomo 6. 300 $a383, [1] p. 500 $aSegn. : A-Q12. 773 0 $aScarpazza, Faustino$tDecisioni de' casi di coscienza e di dottrina canonica, ovvero Corso di teologia morale, ridotto alla pratica dietro alle tracce di Benedetto 14. ... dal padre Faustino Scarpazza ... Tomo 1. [-10.].$bOpera dopo quattro edizioni venete, riprodotta sull'ultima che stampasi in Roma ...$dVenezia : Presso Giuseppe qu. Bortolo Rossi, 1804.$g6$w()27957 850 $aSeMil 852 $aSeMil$W1$xVenegono$y1$m2E I 121 FA$j168686$B168686$CSeMilBibl$Z2$F179599 $8I 996 $6245$aTomo 6$9(OLS)http://semarc/title/194410